000 00373nam a2200133Ia 4500
008 150201s1993 xx 000 0 und d
082 _a294.59215
_bWIL
100 _aWhitney,William Dwight
245 _aAtharva veda samhita
260 _bMotilal Banarsidass Publishers Pvt. Ltd.
_aNew Delhi
_c1993
300 _a470p.
700 _aLanman,Charles Rockwell
942 _2ddc
_cBK
999 _c5630
_d5630